000 00692cam a2200229 a 4500
001 166
003 BR-CuiBMT
005 20231028184558.0
008 230823s2018 mgb 000 0 por d
020 _a9788545004189
040 _aBR-CuiBMT
_cBR-CuiBMT
080 _22007
_a34:336.2
090 _a34:336.2
_bS618j
100 1 _aSiqueira, Marcelo Rodrigues de
245 1 0 _aJogos fiscais :
_bnovas regras e estratégicas no mundo globalizado /
_cMarcelo Rodrigues de Siqueira.
260 _aBelo Horizonte :
_bFórum,
_c2018.
300 _a108 p. ;
_c22 cm
504 _aInclui bibliografia.
650 _aDireito tributário
650 _aGlobalização
_xPolítica fiscal
942 _2udc
_cLV
999 _c166
_d166